00960nam a2200205 i 4500001000300000100001900003245024800022250007400270260004100344300002600385650005900411650004600470650004500516020001500561040000800576041000700584080002400591008004100615856009800656bg1 aCISZEWSKI, Jan10aObrót prawny z zagranicą w sprawach cywilnych i karnych :bprzepisy, wzory pism, komunikaty, wykazy umów, informacje o wzajemności, wykazy sądów zagranicznych, placówek dyplomatycznych i konsularnych oraz innych /cJan Ciszewski. aWyd. 2 rozszerz. i zaktual. Stan prawny na dzień 1 stycznia 1998 r. aWarszawa :bWydaw. Prawnicze,c1998. a563, [2] s. ;c21 cm. 9aPrawo karne procesowexprawo międzynarodowey1998 r. 9aPrawo międzynarodowe procesowey1998 r. 9aPrawo prywatne międzynarodowey1998 r. a8321907393 cBPK0 apl a341.9:341.4](094.4) s pl f |000 0 pol  uhttp://koha.tu.koszalin.pl/cgi-bin/koha/opac-detail.pl?biblionumber=32969yKatalog online BPK